|
|
|
|
| LEADER |
00000nab a2200000 a 4500 |
| 001 |
vtls000894933 |
| 003 |
SK-MaSNL |
| 005 |
20260304172059.0 |
| 008 |
040720e19960726xo 0 slo |
| 035 |
|
|
|a KE3965
|
| 040 |
|
|
|a KEVKJB
|b slo
|c KEVKJB
|e AACR2
|
| 041 |
0 |
|
|a slo
|
| 044 |
|
|
|a xo
|c SK
|
| 072 |
|
7 |
|a 614.8
|x Úrazy a ich prevencia
|2 konspekt
|
| 080 |
|
|
|a 358.424
|2 1981
|
| 100 |
0 |
|
|a dk
|4 aut
|9 809269
|
| 245 |
1 |
0 |
|a Bol to poryv
|b Pri havárii Bieleho albatrosa normy neporušené
|
| 610 |
2 |
7 |
|a Biele albatrosy (Košice, Slovensko)
|2 KEVKJB
|9 29685
|
| 650 |
0 |
7 |
|a vojenské letectvo
|2 KEVKJB
|9 69447
|
| 650 |
0 |
7 |
|a katastrofy
|2 KEVKJB
|9 3932
|
| 650 |
0 |
7 |
|a príčiny
|2 KEVKJB
|9 276784
|
| 650 |
0 |
7 |
|a poryv vetra
|2 KEVKJB
|9 1501190
|
| 650 |
0 |
7 |
|a informácie
|2 KEVKJB
|9 1285
|
| 651 |
|
7 |
|a Košice (Slovensko)
|2 KEVKJB
|9 18694
|
| 651 |
|
7 |
|a KE,
|2 KEVKJB
|9 877256
|
| 655 |
|
7 |
|a periodikum
|2 snkbucl
|9 29553
|
| 710 |
2 |
|
|a Biele albatrosy (Košice, Slovensko)
|4 aut
|9 29685
|
| 773 |
0 |
8 |
|t Košický večer
|g Roč. 7
|g Roč. 28, č.145, 26.7.1996, s. 1
|
| 852 |
|
|
|a ZVYKNI
|b KIS3GCP
|
| 999 |
|
|
|c 2996513
|d 2998443
|